Lettres inédites de Voltaire. (Record no. 167779)
[ view plain ]
| 000 -LEADER | |
|---|---|
| campo de control de longitud fija | 00743nam a22002175i 4500 |
| 001 - NÚMERO DE CONTROL | |
| campo de control | 167779 |
| 003 - IDENTIFICADOR DE NÚMERO DE CONTROL | |
| campo de control | ES-MaACL |
| 005 - FECHA Y HORA DE LA ÚLTIMA TRANSACCIÓN | |
| campo de control | 20250717063050.0 |
| 008 - DATOS DE LONGITUD FIJA--INFORMACIÓN GENERAL | |
| campo de control de longitud fija | 050929s1826 fr | |||||||| ||fre d |
| 040 ## - FUENTE DE CATALOGACIÓN | |
| Centro catalogador/agencia de origen | CAM |
| Lengua de catalogación | spa |
| Centro/agencia transcriptor | CAM |
| 100 0# - ENTRADA PRINCIPAL--NOMBRE DE PERSONA | |
| Nombre de persona | Voltaire, |
| Fechas asociadas al nombre | 1694-1778 |
| 9 (RLIN) | 115721 |
| 245 10 - MENCIÓN DEL TÍTULO | |
| Título | Lettres inédites de Voltaire. |
| 260 ## - PUBLICACIÓN, DISTRIBUCIÓN, ETC. | |
| Lugar de publicación, distribución, etc. | Paris : |
| Nombre del editor, distribuidor, etc. | chez P. Dupont, libraire, |
| Fecha de publicación, distribución, etc. | 1826 ( |
| Fabricante | Imprimerie de Gaultier-Laguionie) |
| 300 ## - DESCRIPCIÓN FÍSICA | |
| Extensión | 380, XXXVIII p., [1] h. pleg. ; |
| Dimensiones | 21 cm. |
| 597 ## - NOTA DE DESCRIPCIÓN FÍSICA | |
| NOTA DE DESCRIPCIÓN FÍSICA | La h. pleg., reprod. de una carta de Voltaire. |
| 599 ## - NOTA A LAS ILUSTRACIONES | |
| NOTA A LAS ILUSTRACIONES | Port. grab. lit. |
| 600 00 - PUNTO DE ACCESO ADICIONAL DE MATERIA--NOMBRE DE PERSONA | |
| Nombre de persona | Voltaire |
| Fechas asociadas al nombre | 1694-1778- |
| Subdivisión general | Epistolarios |
| 9 (RLIN) | 188729 |
| 700 1# - ENTRADA AGREGADA--NOMBRE PERSONAL | |
| Nombre de persona | Dupont, Paul, |
| Término indicativo de función/relación | |
| 9 (RLIN) | 46109 |
| 852 ## - LOCALIZACIÓN | |
| Ubicación | ES-MaACL |
| Número de control de estantería | F-7590 |
| Nota libre | -- Enc. hol. |
| Estatus retirado | Estado de pérdida | Estado de daño | No para préstamo | Colección | Biblioteca de origen | Biblioteca actual | Ubicación en estantería | Fecha de adquisición | Fuente de adquisición | Total de préstamos | Signatura topográfica completa | Código de barras | Visto por última vez | Precio de reemplazo | Tipo de ítem Koha |
|---|---|---|---|---|---|---|---|---|---|---|---|---|---|---|---|
| Libros del s. XIX | Biblioteca del Ateneo de Madrid | Biblioteca del Ateneo de Madrid | Sala Pecera Planta 2 | 17/01/2008 | F-7590 | 1176016 | 23/02/2023 | 23/02/2023 | Libro impreso antiguo |
